La transformación de las relaciones laborales (Registro nro. 51149)
[ vista simple ]
| 000 -CABECERA | |
|---|---|
| Longitud fija campo de control | 01273nam a2200373 c 4500 |
| 001 - NÚMERO DE CONTROL | |
| Número de control | 51149 |
| 003 - IDENTIFICADOR DE NÚMERO DE CONTROL | |
| Identificador del número de control | ES-MaCES |
| 005 - FECHA Y HORA DE LA ÚLTIMA TRANSACCIÓN | |
| Fecha y hora de la última transacción | 20190219095537.0 |
| 008 - CAMPO FIJO DE DESCRIPCIÓN FIJA--INFORMACIÓN GENERAL | |
| Códigos de información de longitud fija | 190219s2019 sp o||| | spa d |
| 017 ## - NÚMERO DE REGISTRO DE DERECHOS DE AUTOR Y DEPÓSITO LEGAL | |
| Número de copyright o de depósito legal | Z 2119-2018 |
| Agencia que asigna el número | DL |
| 020 ## - ISBN (INTERNATIONAL STANDARD BOOK NUMBER) | |
| Número Internacional Normalizado para Libros (ISBN) | 9788417633417 |
| 040 ## - FUENTE DE CATALOGACIÓN | |
| Centro catalogador de origen | ES-MaCES |
| Lengua de catalogación | spa |
| Centro transcriptor | ES-MaCES |
| 100 1# - ENCABEZAMIENTO PRINCIPAL--NOMBRE PERSONAL | |
| Nombre de persona | Bericat Alastuey, Carmen |
| 9 (RLIN) | 39468 |
| 245 13 - MENCIÓN DE TÍTULO | |
| Título | La transformación de las relaciones laborales |
| Resto del título | : fundamentos teóricos de un proceso de cambio |
| Mención de responsabilidad, etc. | Carmen Bericat Alastuey |
| 250 ## - MENCIÓN DE EDICIÓN | |
| Mención de edición | 1ª ed |
| 260 ## - PUBLICACIÓN, DISTRIBUCIÓN, ETC (PIE DE IMPRENTA) | |
| Lugar de publicación, distribución, etc. | Zaragoza |
| Nombre del editor, distribuidor, etc. | Prensas de la Universidad de Zaragoza |
| Fecha de publicación, distribución, etc. | 2019 |
| 300 ## - DESCRIPCIÓN FÍSICA | |
| Extensión | 253 p. |
| Dimensiones | 22 cm |
| 490 1# - MENCIÓN DE SERIE | |
| Mención de serie | Estudios |
| 541 ## - NOTA DE LA FUENTE INMEDIANTE DE ADQUISICIÓN | |
| Forma de adquisición | Compra |
| 650 #4 - ASIENTO SECUNDARIO DE MATERIA--TÉRMINO DE MATERIA | |
| Término de materia o nombre geográfico como elemento inicial | relaciones laborales |
| 9 (RLIN) | 28369 |
| 650 #4 - ASIENTO SECUNDARIO DE MATERIA--TÉRMINO DE MATERIA | |
| Término de materia o nombre geográfico como elemento inicial | negociación colectiva |
| 9 (RLIN) | 28362 |
| 650 #4 - ASIENTO SECUNDARIO DE MATERIA--TÉRMINO DE MATERIA | |
| Término de materia o nombre geográfico como elemento inicial | concertación social |
| 9 (RLIN) | 30664 |
| 650 #4 - ASIENTO SECUNDARIO DE MATERIA--TÉRMINO DE MATERIA | |
| Término de materia o nombre geográfico como elemento inicial | flexibilidad del trabajo |
| 9 (RLIN) | 30174 |
| 650 #4 - ASIENTO SECUNDARIO DE MATERIA--TÉRMINO DE MATERIA | |
| Término de materia o nombre geográfico como elemento inicial | administración de recursos humanos |
| 9 (RLIN) | 30474 |
| 650 #4 - ASIENTO SECUNDARIO DE MATERIA--TÉRMINO DE MATERIA | |
| Término de materia o nombre geográfico como elemento inicial | crisis económica |
| 9 (RLIN) | 27102 |
| 650 #4 - ASIENTO SECUNDARIO DE MATERIA--TÉRMINO DE MATERIA | |
| Término de materia o nombre geográfico como elemento inicial | cambio social |
| 9 (RLIN) | 27286 |
| 650 #4 - ASIENTO SECUNDARIO DE MATERIA--TÉRMINO DE MATERIA | |
| Término de materia o nombre geográfico como elemento inicial | futuro del trabajo |
| 9 (RLIN) | 30756 |
| 650 #4 - ASIENTO SECUNDARIO DE MATERIA--TÉRMINO DE MATERIA | |
| Término de materia o nombre geográfico como elemento inicial | sociología ocupacional |
| 9 (RLIN) | 30083 |
| 653 10 - TÉRMINO DE INDEXACIÓN--NO CONTROLADO | |
| Término no controlado | Relaciones laborales-Empleo |
| 710 2# - ENCABEZAMIENTO SECUNDARIO--NOMBRE CORPORATIVO | |
| 9 (RLIN) | 5352 |
| Nombre de entidad o nombre de jurisdicción como elemento inicial | Universidad de Zaragoza |
| Término indicativo de función | ed. |
| 830 #0 - ENCABEZAMIENTO SECUNDARIO DE COLECCIÓN--TÍTULO UNIFORME | |
| 9 (RLIN) | 39467 |
| Título uniforme | Estudios (Prensas de la Universidad de Zaragoza) |
| 902 ## - CES. TIPO DE DOCUMENTO | |
| Tipodoc (006$c Sirtex) | LIB Libro |
| 942 ## - ELEMENTOS KOHA | |
| Fuente de clasificaión o esquema | Clasificación propia del CES |
| Koha [por defecto] tipo de item | Monografías |
| Parte de clasificación | Relaciones Laborales y Rel. Lab.- Empleo |
| Número de registro | Signatura completa | Tipo de item de Koha |
|---|---|---|
| 091306 | SG-2.0.-165 | Monografías |
